Mr. Jefferson, architect (Record no. 624)

MARC details
000 -LEADER
fixed length control field 00902cam a2200301 4500
005 - DATE AND TIME OF LATEST TRANSACTION
control field 20260322212027.0
008 - FIXED-LENGTH DATA ELEMENTS--GENERAL INFORMATION
fixed length control field data
010 ## - LIBRARY OF CONGRESS CONTROL NUMBER
LC control number 72012057
020 ## - INTERNATIONAL STANDARD BOOK NUMBER
International Standard Book Number 0670492612
020 ## - INTERNATIONAL STANDARD BOOK NUMBER
International Standard Book Number 9780670492619
040 ## - CATALOGING SOURCE
Original cataloging agency DLC
Transcribing agency DLC
Modifying agency DLC
043 ## - GEOGRAPHIC AREA CODE
Geographic area code n-us---
050 00 - LIBRARY OF CONGRESS CALL NUMBER
Classification number NA737.J4
Item number G84 1973
082 00 - DEWEY DECIMAL CLASSIFICATION NUMBER
Classification number 720/.92/4
092 ## - LOCALLY ASSIGNED DEWEY CALL NUMBER (OCLC)
Classification number 720 G84 1973
001 - CONTROL NUMBER
control field data
100 1# - MAIN ENTRY--PERSONAL NAME
Personal name Guinness, Desmond.
245 10 - TITLE STATEMENT
Title Mr. Jefferson, architect
Statement of responsibility, etc. Desmond Guinness & Julius Trousdale Sadler.
260 ## - PUBLICATION, DISTRIBUTION, ETC.
Place of publication, distribution, etc. New York,
Name of publisher, distributor, etc. Viking Press
Date of publication, distribution, etc. [1973]
300 ## - PHYSICAL DESCRIPTION
Extent 177 p.
Other physical details illus.
Dimensions 29 cm.
350 ## - PRICE (NR) (BK AM CF MU VM SE) [OBSOLETE]
Price {dollar}14.95
490 0# - SERIES STATEMENT
Series statement A Studio book
600 10 - SUBJECT ADDED ENTRY--PERSONAL NAME
Personal name Jefferson, Thomas,
Dates associated with a name 1743-1826.
650 #0 - SUBJECT ADDED ENTRY--TOPICAL TERM
Topical term or geographic name entry element Architecture, Colonial
Geographic subdivision United States.
700 1# - ADDED ENTRY--PERSONAL NAME
Personal name Sadler, Julius Trousdale,
Relator term joint author.
906 ## - LOCAL DATA ELEMENT F, LDF (RLIN)
a 7
b cbc
c orignew
d 2
e ocip
f 19
g y-gencatlg
991 ## -
-- c-GenColl
-- NA737.J4
-- G84 1973
-- 00017844337
-- Copy 1
-- BOOKS
Holdings
Withdrawn status Lost status Damaged status Not for loan Home library Current library Shelving location Date acquired Total checkouts Full call number Barcode Date last seen Price effective from Koha item type
        Pleasant Valley Pleasant Valley General stacks 22/03/2026   720/.92/4 BC0010641 22/03/2026 22/03/2026 Books